LIBRARY & INFORMATION CENTRE, KCAET, TAVANUR

ONLINE PUBLIC ACCESS CATALOGUE (OPAC)

Pathfinder for CDS Examination (Record no. 13846)

MARC details
000 -LEADER
fixed length control field 00345nam a22001457a 4500
020 ## - INTERNATIONAL STANDARD BOOK NUMBER
ISBN 9788183481595
082 ## - DEWEY DECIMAL CLASSIFICATION NUMBER
Classification number 028.702 BRI/PA
100 ## - MAIN ENTRY--AUTHOR NAME
Personal name Brijesh Tripathi
100 ## - MAIN ENTRY--AUTHOR NAME
Personal name Satyajeet Rawat
100 ## - MAIN ENTRY--AUTHOR NAME
Personal name Neetika Goyal
245 ## - TITLE STATEMENT
Title Pathfinder for CDS Examination
260 ## - PUBLICATION, DISTRIBUTION, ETC. (IMPRINT)
Place of publication New Delhi
Name of publisher Arihant Publications
300 ## - PHYSICAL DESCRIPTION
Number of Pages 174
942 ## - ADDED ENTRY ELEMENTS (KOHA)
Koha item type Books
Holdings
Withdrawn status Lost status Damaged status Collection code Home library Current library Shelving location Date acquired Source of acquisition Cost, normal purchase price Full call number Accession Number Koha item type
      Reference KAUAET KAUAET Reference 31/03/2012 Penta Books,Calicut 475.00 028.702 BRI/PA 23475 Books
free website counter